Essentials of Pathology (Record no. 249110)
[ view plain ]
| 000 -LEADER | |
|---|---|
| fixed length control field | 00496nam a22001937a 4500 |
| 003 - CONTROL NUMBER IDENTIFIER | |
| control field | OSt |
| 008 - FIXED-LENGTH DATA ELEMENTS--GENERAL INFORMATION | |
| fixed length control field | 250515b |||||||| |||| 00| 0 eng d |
| 020 ## - INTERNATIONAL STANDARD BOOK NUMBER | |
| International Standard Book Number | 9789390619344 |
| 082 ## - DEWEY DECIMAL CLASSIFICATION NUMBER | |
| Classification number | 616.07 |
| 100 ## - MAIN ENTRY--PERSONAL NAME | |
| Personal name | Shameem Shariff |
| 245 ## - TITLE STATEMENT | |
| Title | Essentials of Pathology |
| Statement of responsibility, etc | Shameem Shariff |
| 250 ## - EDITION STATEMENT | |
| Edition statement | 1st |
| 260 ## - PUBLICATION, DISTRIBUTION, ETC. (IMPRINT) | |
| Place of publication, distribution, etc | New Delhi |
| Name of publisher, distributor, etc | CBS Publishers and Distributors Pvt. Ltd |
| Date of publication, distribution, etc | 2023 |
| 650 ## - SUBJECT ADDED ENTRY--TOPICAL TERM | |
| Form subdivision | Physiotherapy |
| General subdivision | Pathology |
| 942 ## - ADDED ENTRY ELEMENTS (KOHA) | |
| Item type | Books |
| Source of classification or shelving scheme | Dewey Decimal Classification |
| Withdrawn status | Lost status | Damaged status | Permanent location | Current location | Shelving location | Date acquired | Source of acquisition | Cost, normal purchase price | Full call number | Barcode | Date last seen | Koha item type |
|---|---|---|---|---|---|---|---|---|---|---|---|---|
| CENTRAL LIBRARY, NOORUL ISLAM CENTRE FOR HIGHER EDUCATION | CENTRAL LIBRARY, NOORUL ISLAM CENTRE FOR HIGHER EDUCATION | General stacks | 05/15/2025 | Masters Books and Distributors | 1095.00 | 616.07 R3 | 84277 | 05/15/2025 | Books | |||
| CENTRAL LIBRARY, NOORUL ISLAM CENTRE FOR HIGHER EDUCATION | CENTRAL LIBRARY, NOORUL ISLAM CENTRE FOR HIGHER EDUCATION | General stacks | 05/15/2025 | Masters Books and Distributors | 1095.00 | 616.07 R3 | 84278 | 05/15/2025 | Books | |||
| CENTRAL LIBRARY, NOORUL ISLAM CENTRE FOR HIGHER EDUCATION | CENTRAL LIBRARY, NOORUL ISLAM CENTRE FOR HIGHER EDUCATION | General stacks | 05/15/2025 | Masters Books and Distributors | 1095.00 | 616.07 R3 | 84279 | 05/15/2025 | Books | |||
| CENTRAL LIBRARY, NOORUL ISLAM CENTRE FOR HIGHER EDUCATION | CENTRAL LIBRARY, NOORUL ISLAM CENTRE FOR HIGHER EDUCATION | General stacks | 05/15/2025 | Masters Books and Distributors | 1095.00 | 616.07 R3 | 84280 | 05/15/2025 | Books | |||
| CENTRAL LIBRARY, NOORUL ISLAM CENTRE FOR HIGHER EDUCATION | CENTRAL LIBRARY, NOORUL ISLAM CENTRE FOR HIGHER EDUCATION | General stacks | 05/15/2025 | Masters Books and Distributors | 1095.00 | 616.07 R3 | 84281 | 05/15/2025 | Books |
